Club en lice de la Ligue des Champions 2020-2021 - Statistiques

Statistiques générales
  • Ce quiz a été pris 136 fois
  • Le résultat moyen est 26 sur 32
Statistiques - réponses
Groupe Pays Joueur du club Club % Correct
A Allemagne Manuel Neuer Bayern Munich
100%
A Espagne Luis Suarez Atletico Madrid
99%
B Espagne Karim Benzema Real Madrid
96%
C Portugal Pepe FC Porto
95%
B Italie Achraf Hakimi Inter
95%
C France Dmitri Payet Olympique de Marseille
95%
C Angleterre Raheem Sterling Manchester City
94%
D Angleterre Mohamed Salah Liverpool FC
93%
E Angleterre N'Golo Kanté Chelsea
92%
G Espagne Lionel Messi FC Barcelone
92%
G Italie Cristiano Ronaldo Juventus FC
92%
D Pays-Bas Andre Onana Ajax Amsterdam
91%
F Allemagne Erling Haaland Borussia Dortmund
90%
H Angleterre Marcus Rashford Manchester United
90%
H France Kylian Mbappé Paris Saint-Germain
90%
E Espagne Jules Koundé FC Séville
89%
D Italie Josip Iličić Atalanta
88%
E France Eduardo Camavinga Stade Rennais
87%
F Italie Ciro Immobile Lazio Rome
85%
A Russie Grzegorz Krychowiak Lokomotiv Moscou
83%
C Grèce Mathieu Valbuena Olympiakos
82%
B Allemagne Marcus Thuram Borussia Mönchengladbach
79%
H Allemagne Marcel Sabitzer RB Leipzig
79%
F Belgique Krépin Diatta Club Bruges
77%
A Autriche Patson Daka RB Salzbourg
72%
G Ukraine Viktor Tsygankov Dynamo Kiev
70%
F Russie Malcom Zenith Saint-Petersbourg
67%
E Russie Rémi Cabella Krasnodar
57%
H Turquie Edin Višća Istanbul Basaksehir
56%
G Hongrie Tokmac Nguen Ferencváros TC
46%
B Ukraine Taison Chakhtar Donetsk
41%
D Danemark Pione Sisto FC Midtjylland
34%
Aucun quiz correspondant
Distribution des résultats
% des personnes avec chaque résultat
Percentile par nombre de réponses
Votre historique - résultats
Vous n’avez pas pris ce quiz